| 000 | 00563nam a22001577a 4500 | ||
|---|---|---|---|
| 020 | _a9780131471221 | ||
| 040 | _cNUST | ||
| 082 | _a519.20246213 GAR | ||
| 100 |
_aLeon-Garcia, Alberto _969592 |
||
| 245 | _aProbability, Statistics, and Random Processes for Electrical Engineering | ||
| 250 | _a3rd | ||
| 260 |
_aNew Jersey: _bPearson Prentice Hall, _c2008. |
||
| 650 |
_aProbability, Statistics, and Random Processes for Electrical Engineering _972528 |
||
| 651 | _2Probability, Statistics, and Random Processes for Electrical Engineering | ||
| 942 |
_2ddc _cBK |
||
| 999 |
_c586652 _d586652 |
||